[Event "XII Weekend B"]
[Site "Porto Sant'Elpidio ITA"]
[Date "2009.11.22"]
[Round "3"]
[White "Gasparroni, Daniele"]
[Black "Bonoli, Luciano"]
[Result "1-0"]
[WhiteElo "1760"]
[BlackElo "1766"]
[PlyCount "53"]
[EventDate "2009.11.21"]

1. Nf3 Nc6 2. b3 Nf6 3. Bb2 e6 4. e3 Be7 5. d4 d5 6. Bd3 Nb4 7. Be2 O-O 8. O-O
a6 9. c4 c5 10. Nc3 h6 11. a3 Nc6 12. Bd3 cxd4 13. exd4 Bd6 14. Qe2 dxc4 15.
bxc4 Bb8 16. Rfd1 Qc7 17. Ne4 Ng4 18. h3 Nh2 19. Ne5 f6 20. Nxc6 bxc6 21. Ng3
f5 22. d5 g6 23. d6 Qxd6 24. Bxf5 Qf4 25. Bxe6+ Bxe6 26. Qxe6+ Kh7 27. Rd7+ 1-0

[Event "XII Weekend B"]
[Site "Porto Sant'Elpidio ITA"]
[Date "2009.11.22"]
[Round "3"]
[White "Mircoli, Filippo"]
[Black "Faini, Ivano"]
[Result "1/2-1/2"]
[WhiteElo "1746"]
[BlackElo "1718"]
[PlyCount "78"]
[EventDate "2009.11.21"]

1. e4 d5 2. exd5 Qxd5 3. Nc3 Qa5 4. d4 c6 5. Bd2 Qc7 6. Nf3 Nf6 7. Bd3 Bg4 8.
h3 Bxf3 9. Qxf3 e6 10. O-O Bd6 11. Bg5 Nbd7 12. Ne4 Nxe4 13. Qxe4 Nf6 14. Qf3
Be7 15. c4 h6 16. Bh4 Rd8 17. Qe3 Ng4 18. Qg3 Qxg3 19. Bxg3 Nf6 20. Be5 O-O 21.
Rad1 Rd7 22. f4 Rfd8 23. f5 Ne8 24. fxe6 fxe6 25. c5 Bf6 26. Bc4 Re7 27. Bxf6
Nxf6 28. b4 Nd5 29. Rde1 Rde8 30. b5 e5 31. Bxd5+ cxd5 32. Rf5 exd4 33. Rxe7
Rxe7 34. Rxd5 Rc7 35. Kf2 Kf7 36. Rxd4 Rxc5 37. Rd7+ Kf6 38. Rxb7 Rc2+ 39. Kf3
Rxa2 1/2-1/2

[Event "XII Weekend B"]
[Site "Porto Sant'Elpidio ITA"]
[Date "2009.11.22"]
[Round "3"]
[White "Splendiani, Sandro"]
[Black "Ragnini, Damiano"]
[Result "0-1"]
[WhiteElo "1440"]
[BlackElo "1791"]
[PlyCount "56"]
[EventDate "2009.11.21"]

1. d4 d5 2. Nf3 Nf6 3. e3 Bg4 4. Be2 e6 5. Ne5 Bxe2 6. Qxe2 Nbd7 7. Nf3 Bd6 8.
c4 c6 9. Nc3 O-O 10. O-O Rc8 11. b3 Re8 12. Bb2 h6 13. cxd5 cxd5 14. Rac1 a6
15. Rfd1 Qe7 16. e4 dxe4 17. Nxe4 Nxe4 18. Qxe4 Nf6 19. Qe2 Nd5 20. Ne5 Qg5 21.
Re1 Nf4 22. Qe4 Bb4 23. Re3 f5 24. Qxb7 Rxc1+ 25. Bxc1 Re7 26. Qf3 Rc7 27. Nc4
Nd5 28. Rxe6 Qxc1+ 0-1

[Event "XII Weekend B"]
[Site "Porto Sant'Elpidio ITA"]
[Date "2009.11.28"]
[Round "4"]
[White "Bertini, Nazzareno"]
[Black "Gasparroni, Daniele"]
[Result "0-1"]
[WhiteElo "1708"]
[BlackElo "1760"]
[PlyCount "90"]
[EventDate "2009.11.21"]

1. e4 c5 2. Nf3 Nc6 3. c3 e6 4. d4 cxd4 5. cxd4 Bb4+ 6. Nc3 Nf6 7. Bd3 Qb6 8.
Be3 Ng4 9. O-O Nxe3 10. fxe3 Bxc3 11. bxc3 d6 12. Rb1 Qc7 13. Ng5 f6 14. Nf3 e5
15. Qb3 Na5 16. Qd5 Bd7 17. Bb5 Bc6 18. dxe5 dxe5 19. Rfd1 Rd8 20. Qxd8+ Qxd8
21. Rxd8+ Kxd8 22. Bxc6 Nxc6 23. Rxb7 Rg8 24. Nh4 Kc8 25. Rf7 Rd8 26. Nf5 g6
27. Ne7+ Nxe7 28. Rxe7 Rd1+ 29. Kf2 Rd2+ 30. Kf3 Rxa2 31. Rxh7 a5 32. Rh6 a4
33. Rxg6 Ra1 34. h4 a3 35. Kg3 Rf1 36. Rg7 a2 37. Ra7 a1=Q 38. Rxa1 Rxa1 39.
Kg4 Kd7 40. Kf5 Ke7 41. h5 Kf7 42. Kg4 Rc1 43. Kf3 Rxc3 44. g4 Kg7 45. Ke2 Kh6
0-1

[Event "XII Weekend B"]
[Site "Porto Sant'Elpidio ITA"]
[Date "2009.11.28"]
[Round "4"]
[White "Bonoli, Luciano"]
[Black "Olivieri, Gianni"]
[Result "1-0"]
[WhiteElo "1766"]
[BlackElo "1529"]
[PlyCount "87"]
[EventDate "2009.11.21"]

1. c4 Nf6 2. g3 c6 3. Bg2 e6 4. Nf3 Be7 5. O-O O-O 6. Nc3 d5 7. cxd5 cxd5 8. d4
Nbd7 9. a3 a6 10. Nd2 Nb6 11. b4 Qc7 12. Bb2 Nc4 13. Nxc4 Qxc4 14. Rc1 Qc7 15.
Nxd5 Qd6 16. Nxe7+ Qxe7 17. Qc2 Rb8 18. Qc7 Qxc7 19. Rxc7 Nd5 20. Bxd5 exd5 21.
Rfc1 Be6 22. Re7 b6 23. Rcc7 a5 24. Bc3 Rfc8 25. f3 h6 26. Kf2 Re8 27. Rxe8+
Rxe8 28. bxa5 bxa5 29. Bxa5 Ra8 30. Bb4 Kh7 31. h4 Rc8 32. Rxc8 Bxc8 33. e4 Be6
34. a4 dxe4 35. fxe4 Bd7 36. a5 Bb5 37. Ke3 f6 38. h5 Kg8 39. d5 Kf7 40. Kd4
Be2 41. Kc5 f5 42. exf5 Kf6 43. Bc3+ Kxf5 44. Bxg7 1-0

[Event "XII Weekend B"]
[Site "Porto Sant'Elpidio ITA"]
[Date "2009.11.28"]
[Round "4"]
[White "Marchetti, Michael"]
[Black "Splendiani, Sandro"]
[Result "1/2-1/2"]
[WhiteElo "1723"]
[BlackElo "1440"]
[PlyCount "77"]
[EventDate "2009.11.21"]

1. d4 Nf6 2. c4 e6 3. Nc3 d5 4. Bg5 Be7 5. Nf3 Nbd7 6. e3 h6 7. Bh4 O-O 8. Bd3
c6 9. O-O dxc4 10. Bxc4 Nd5 11. Bxe7 Qxe7 12. e4 Nxc3 13. bxc3 Nb6 14. Bd3 c5
15. Qb3 Bd7 16. d5 Ba4 17. Qa3 Rfd8 18. c4 exd5 19. exd5 Qc7 20. Rfe1 Re8 21.
h3 Bd7 22. Rad1 Qf4 23. Qc1 Qf6 24. Rxe8+ Rxe8 25. Re1 Rxe1+ 26. Qxe1 g6 27.
Nd2 Qc3 28. Bf1 Nc8 29. f3 Nd6 30. Qe7 Qxd2 31. Qxd7 Qd4+ 32. Kh2 Nxc4 33. Bxc4
Qxc4 34. Qxb7 Qf4+ 35. Kg1 c4 36. Qc8+ Kg7 37. d6 Qc1+ 38. Kh2 Qf4+ 39. Kg1
1/2-1/2

[Event "XII Weekend B"]
[Site "Porto Sant'Elpidio ITA"]
[Date "2009.11.28"]
[Round "4"]
[White "Marinucci, Johnny"]
[Black "Giampieri, Stefano"]
[Result "0-1"]
[WhiteElo "1754"]
[BlackElo "1772"]
[PlyCount "48"]
[EventDate "2009.11.21"]

1. e4 c6 2. Nc3 d5 3. d3 dxe4 4. dxe4 Qxd1+ 5. Nxd1 e5 6. Nf3 Nd7 7. Bc4 Bd6 8.
Ng5 Nh6 9. a4 O-O 10. O-O Kh8 11. Nc3 Nb6 12. Bb3 f6 13. a5 Nd7 14. Ne6 Re8 15.
Bxh6 gxh6 16. Rfd1 Bb8 17. Rd3 Nf8 18. Nd8 Bc7 19. Nf7+ Kg7 20. Rh3 Bxh3 21.
gxh3 Re7 22. Kh1 Rxf7 23. Rg1+ Ng6 24. h4 h5 0-1

[Event "XII Weekend B"]
[Site "Porto Sant'Elpidio ITA"]
[Date "2009.11.28"]
[Round "4"]
[White "Morelli, Basilio"]
[Black "De Angelis, Stefano"]
[Result "1/2-1/2"]
[WhiteElo "1539"]
[BlackElo "1690"]
[PlyCount "171"]
[EventDate "2009.11.21"]

1. d4 Nf6 2. c4 e6 3. Nc3 Bb4 4. Bg5 h6 5. Bh4 c5 6. d5 d6 7. e3 O-O 8. Bd3 e5
9. Nge2 Nbd7 10. f3 b5 11. b3 bxc4 12. bxc4 Qc7 13. O-O Bxc3 14. Nxc3 a6 15.
Rb1 Re8 16. Qd2 Bb7 17. Rb2 Rab8 18. Rfb1 Ba8 19. Bc2 Rxb2 20. Rxb2 Rb8 21.
Rxb8+ Qxb8 22. Ne4 Nxe4 23. Bxe4 f6 24. Bf5 Nf8 25. Qc2 Qb6 26. Qb1 Qxb1+ 27.
Bxb1 Nd7 28. Be1 Kf7 29. Ba5 Ke7 30. e4 Bb7 31. Bc2 g6 32. h4 Bc8 33. g3 Nf8
34. Bd2 h5 35. a4 Nh7 36. f4 Bg4 37. Be3 Be2 38. Bb3 Bd3 39. fxe5 fxe5 40. Bg5+
Kd7 41. a5 Bxe4 42. Kf2 Ke8 43. Ke3 Bf5 44. Ke2 Nf8 45. Ba4+ Bd7 46. Bb3 Kf7
47. Ke3 Nh7 48. Ke2 Nf6 49. Bc2 Bf5 50. Bd3 Bg4+ 51. Ke3 Bd7 52. Bc2 Ng4+ 53.
Kd2 Bf5 54. Ba4 Nh2 55. Ke2 Bg4+ 56. Kf2 Nf3 57. Ke3 Nd4 58. Kd2 Be2 59. Kc3
Bf1 60. Bc6 Nxc6 61. dxc6 Bg2 62. c7 Bb7 63. Kd3 Ke6 64. Ke3 Kf5 65. Be7 Ke6
66. Bg5 d5 67. cxd5+ Kxd5 68. Kd3 Bc8 69. Bf6 Bf5+ 70. Kc3 e4 71. Bg5 Bd7 72.
Be3 Be6 73. Kb2 c4 74. Bb6 Kc6 75. Kc3 e3 76. Bxe3 Kxc7 77. Kd4 Kc6 78. Bd2 Kb5
79. Bc3 Ka4 80. Ke5 Bf5 81. Kd4 Kb3 82. Bd2 Bd3 83. Bc3 Kc2 84. Bb4 Kd1 85. Ke3
Bf1 86. Bc3 1/2-1/2

[Event "XII Weekend B"]
[Site "Porto Sant'Elpidio ITA"]
[Date "2009.11.28"]
[Round "4"]
[White "Ragnini, Damiano"]
[Black "Binci, Luca"]
[Result "1-0"]
[WhiteElo "1791"]
[BlackElo "1650"]
[PlyCount "137"]
[EventDate "2009.11.21"]

1. e4 c5 2. Nf3 e6 3. d4 cxd4 4. Nxd4 Nc6 5. Be2 a6 6. O-O Qc7 7. Be3 Nf6 8. f3
Be7 9. c4 O-O 10. Nc3 b6 11. Rc1 Bd6 12. f4 Nxd4 13. Qxd4 Bc5 14. Qd2 d6 15.
Bf3 Rd8 16. Qf2 Rb8 17. a3 Bxe3 18. Qxe3 Nd7 19. Ne2 Qc5 20. Kf2 a5 21. Rfd1
Ba6 22. g4 b5 23. Qxc5 Nxc5 24. cxb5 Rxb5 25. a4 Rbb8 26. Ke3 Nxa4 27. Rc6 Rb6
28. Rxb6 Nxb6 29. b3 a4 30. bxa4 Nxa4 31. Ra1 Nc5 32. Nd4 Rb8 33. h4 Kf8 34. h5
Bc4 35. Be2 Bxe2 36. Nxe2 Rb3+ 37. Kd4 Rb4+ 38. Ke3 Rxe4+ 39. Kf3 Rc4 40. Ra8+
Ke7 41. Ra7+ Nd7 42. g5 d5 43. Ke3 Kd6 44. Ra6+ Rc6 45. Ra7 f6 46. h6 gxh6 47.
gxh6 e5 48. f5 d4+ 49. Kd2 Rc7 50. Ra8 Nc5 51. Ng3 Kd5 52. Nh5 Rf7 53. Ng7 Ne4+
54. Kd3 Ng5 55. Ra5+ Kc6 56. Ra6+ Kb7 57. Rd6 Nh3 58. Ne6 Nf2+ 59. Ke2 Re7 60.
Kxf2 Kc8 61. Ke2 Rd7 62. Ra6 d3+ 63. Kd2 e4 64. Nc5 e3+ 65. Kxe3 d2 66. Ra8+
Kc7 67. Ra7+ Kc6 68. Rxd7 Kxc5 69. Rxd2 1-0

[Event "XII Weekend B"]
[Site "Porto Sant'Elpidio ITA"]
[Date "2009.11.29"]
[Round "5"]
[White "Binci, Filippo"]
[Black "Giampieri, Stefano"]
[Result "1/2-1/2"]
[WhiteElo "1793"]
[BlackElo "1772"]
[PlyCount "129"]
[EventDate "2009.11.21"]

1. c4 e5 2. g3 Nf6 3. Bg2 Bc5 4. Nc3 O-O 5. Nf3 Nc6 6. O-O Re8 7. d3 h6 8. a3
a5 9. b3 d6 10. Bb2 Bg4 11. Na4 Ba7 12. Nd2 Nd4 13. Bxd4 Bxd4 14. Rb1 c6 15.
Nf3 Ba7 16. b4 Rb8 17. Nc3 axb4 18. Rxb4 Bc5 19. Rb3 d5 20. cxd5 cxd5 21. e4
dxe4 22. dxe4 Qxd1 23. Rxd1 Bd4 24. Re1 Bxf3 25. Bxf3 b6 26. Nb5 Bc5 27. Rd1
Red8 28. Rbd3 Rxd3 29. Rxd3 Ra8 30. Kf1 Kf8 31. Ke2 Ra4 32. Nd6 Bxa3 33. Nf5
Ra8 34. Rb3 Bc5 35. Rb2 Rb8 36. Ne3 Bd4 37. Rb5 Ke7 38. Nf5+ Kf8 39. Nxd4 exd4
40. Kd3 Ke7 41. Kxd4 Rd8+ 42. Ke3 Nd7 43. Bg4 Rb8 44. f4 Nf6 45. Be2 Kd7 46. h3
Kc6 47. Bc4 Rf8 48. g4 Nd7 49. Rf5 f6 50. Bb5+ Kc7 51. g5 hxg5 52. fxg5 Ne5 53.
Rf1 Kd6 54. gxf6 gxf6 55. Rd1+ Kc7 56. Kf4 Rh8 57. Kf5 Rh6 58. Ke6 Rxh3 59.
Kxf6 Nf3 60. Rd3 Rh5 61. Rd7+ Kc8 62. Rd5 Rxd5 63. exd5 Nd4 64. Ba4 b5 65. Bxb5
1/2-1/2

[Event "XII Weekend B"]
[Site "Porto Sant'Elpidio ITA"]
[Date "2009.11.29"]
[Round "5"]
[White "Bonoli, Luciano"]
[Black "Ragnini, Damiano"]
[Result "1-0"]
[WhiteElo "1766"]
[BlackElo "1791"]
[PlyCount "121"]
[EventDate "2009.11.21"]

1. c4 Nf6 2. Nf3 e6 3. Nc3 Be7 4. g3 O-O 5. Bg2 c6 6. O-O Qc7 7. d4 Re8 8. a3
h6 9. e4 d6 10. Bd2 Nbd7 11. Rc1 a5 12. d5 e5 13. Qe1 Nc5 14. Rb1 Bg4 15. b4
axb4 16. axb4 Na4 17. h3 Nxc3 18. Bxc3 Bh5 19. g4 Bg6 20. Nh4 Bh7 21. Nf5 Ra3
22. Nxe7+ Qxe7 23. Bb2 Ra2 24. f4 Rea8 25. f5 Nd7 26. Qc3 f6 27. dxc6 bxc6 28.
Rfd1 Nb6 29. c5 Nc8 30. Bf1 Kf8 31. Bc4 R2a7 32. Be6 Bg8 33. Bxg8 Kxg8 34. cxd6
Nxd6 35. Qxc6 Ra6 36. Qd5+ Kh7 37. b5 Qa7+ 38. Bd4 exd4 39. bxa6 d3+ 40. Kf1
Qe3 41. Qxd3 Qf4+ 42. Kg2 Nxe4 43. Qf3 Qxf3+ 44. Kxf3 Nc3 45. Rdc1 Nxb1 46.
Rxb1 Rxa6 47. Rb3 Ra7 48. h4 Re7 49. Rb8 Ra7 50. Re8 Ra3+ 51. Re3 Rxe3+ 52.
Kxe3 g5 53. hxg5 hxg5 54. Ke4 Kg7 55. Kd4 Kf8 56. Kc5 Ke7 57. Kc6 Ke8 58. Kd6
Kf7 59. Kd7 Kg8 60. Ke8 Kg7 61. Ke7 1-0

[Event "XII Weekend B"]
[Site "Porto Sant'Elpidio ITA"]
[Date "2009.11.29"]
[Round "5"]
[White "De Angelis, Stefano"]
[Black "Marinucci, Johnny"]
[Result "0-1"]
[WhiteElo "1690"]
[BlackElo "1754"]
[PlyCount "122"]
[EventDate "2009.11.21"]

1. e4 Nf6 2. e5 Nd5 3. c4 Nb6 4. d4 d6 5. f4 dxe5 6. fxe5 Nc6 7. Be3 Bf5 8. Nc3
e6 9. Nf3 Be7 10. Be2 O-O 11. O-O f6 12. exf6 Bxf6 13. Bd3 Nxd4 14. Bxf5 Nxf5
15. Bc5 Qxd1 16. Raxd1 Rfd8 17. Nb5 Nxc4 18. b3 Nce3 19. Rxd8+ Rxd8 20. Re1 Nd5
21. Rxe6 a6 22. Na3 b6 23. Bf2 Nb4 24. g4 Nd6 25. Re2 g6 26. g5 Bg7 27. Nb1 Nf5
28. a3 Rd1+ 29. Re1 Rxe1+ 30. Bxe1 Nd3 31. Bc3 Bf8 32. b4 c5 33. bxc5 Bxc5+ 34.
Kf1 Nf4 35. Bd2 Nd5 36. Ne5 Nd4 37. Nd7 Nf3 38. Nxc5 bxc5 39. Kg2 Nd4 40. Nc3
Nxc3 41. Bxc3 Nb5 42. Bb2 Kf7 43. Kf3 Ke6 44. a4 Nd6 45. Kf4 Kd5 46. Ba3 Nc4
47. Bc1 Nb6 48. a5 Na4 49. h4 c4 50. Ke3 Nc5 51. Bd2 Ne4 52. Bb4 Ng3 53. Be1
Nf5+ 54. Kd2 Kc5 55. Kc3 Kb5 56. Kb2 Ne3 57. Kc3 Nf5 58. Bf2 Ne7 59. Be1 Nc6
60. Bd2 Nxa5 61. Kd4 Nb3+ 0-1

[Event "XII Weekend B"]
[Site "Porto Sant'Elpidio ITA"]
[Date "2009.11.29"]
[Round "5"]
[White "Maggiore, Francesco"]
[Black "Marchetti, Michael"]
[Result "1/2-1/2"]
[WhiteElo "1723"]
[BlackElo "1723"]
[PlyCount "136"]
[EventDate "2009.11.21"]

1. e4 c5 2. Nf3 d6 3. d4 cxd4 4. Nxd4 Nf6 5. Nc3 Nc6 6. Bb5 Bd7 7. Nxc6 Bxc6 8.
Bxc6+ bxc6 9. O-O g6 10. Re1 d5 11. exd5 cxd5 12. Re5 e6 13. Bg5 Be7 14. Re2
O-O 15. Qd4 Re8 16. Qe5 Nd7 17. Bxe7 Rxe7 18. Qd6 Nb6 19. Qxd8+ Rxd8 20. Rd1
Red7 21. Nb5 Nc4 22. b3 Nd6 23. Nxd6 Rxd6 24. Red2 e5 25. Re1 e4 26. Rd4 f5 27.
Red1 Kf7 28. Kf1 Ke6 29. Ke2 Rc8 30. c4 Rcd8 31. c5 Rc6 32. b4 a5 33. a3 a4 34.
Rc1 Rdc8 35. b5 Rxc5 36. Rxc5 Rxc5 37. Rb4 Kd7 38. b6 Kc8 39. Rxa4 Kb7 40. Rb4
Rc6 41. Kd2 Rxb6 42. Rxb6+ Kxb6 43. Kc3 Kc5 44. a4 d4+ 45. Kb3 d3 46. g3 g5 47.
h3 f4 48. gxf4 gxf4 49. Kc3 h6 50. h4 h5 51. f3 Kd6 52. a5 e3 53. Kxd3 Kc5 54.
a6 Kb6 55. a7 Kxa7 56. Ke2 Kb6 57. Kd3 Kc5 58. Kc3 Kb5 59. Kd3 Kb4 60. Ke2 Kc3
61. Ke1 Kd3 62. Kd1 Kc3 63. Ke1 Kc2 64. Ke2 Kc3 65. Ke1 e2 66. Kxe2 Kd4 67. Kd2
Kc4 68. Kc2 Kd4 1/2-1/2

[Event "XII Weekend B"]
[Site "Porto Sant'Elpidio ITA"]
[Date "2009.11.29"]
[Round "5"]
[White "Olivieri, Gianni"]
[Black "Faini, Ivano"]
[Result "0-1"]
[WhiteElo "1529"]
[BlackElo "1718"]
[PlyCount "71"]
[EventDate "2009.11.21"]

1. d4 e5 2. e3 exd4 3. exd4 d5 4. Nf3 c6 5. Be2 Nf6 6. Bg5 Bf5 7. c4 Be7 8.
cxd5 Qxd5 9. Nc3 Qa5 10. O-O Nbd7 11. h3 O-O 12. Bd3 Bxd3 13. Qxd3 Rfe8 14. Bf4
Rad8 15. a3 Nc5 16. Qc2 Ne6 17. b4 Qh5 18. Be5 Nd5 19. Nxd5 Rxd5 20. Rad1 Red8
21. Qe4 Bd6 22. Bg3 Bxg3 23. fxg3 Ng5 24. Qe7 Nxf3+ 25. Rxf3 h6 26. Rdf1 Rf8
27. Qxb7 Rxd4 28. Qxc6 Qe5 29. Qc3 f6 30. Rf5 Qd6 31. Qf3 Qb6 32. Rc5 Qd6 33.
Qe3 Rd2 34. Rcf5 Rd8 35. Qxa7 Qxg3 36. R5f3 0-1

[Event "XII Weekend B"]
[Site "Porto Sant'Elpidio ITA"]
[Date "2009.11.29"]
[Round "5"]
[White "Splendiani, Sandro"]
[Black "Bertini, Nazzareno"]
[Result "1/2-1/2"]
[WhiteElo "1440"]
[BlackElo "1708"]
[PlyCount "70"]
[EventDate "2009.11.21"]

1. d4 e6 2. Nf3 Nf6 3. g3 d5 4. Bg2 c5 5. c4 cxd4 6. Nxd4 e5 7. Nf3 Nc6 8. cxd5
Bb4+ 9. Bd2 Qxd5 10. O-O Bxd2 11. Nbxd2 Qb5 12. b3 Be6 13. Rc1 O-O 14. Nc4 Bxc4
15. Rxc4 Rad8 16. Qa1 e4 17. Nh4 Rfe8 18. e3 Ne5 19. Rc2 Neg4 20. h3 Ne5 21.
Nf5 Nf3+ 22. Bxf3 exf3 23. Nd4 Qh5 24. h4 Re4 25. Qd1 Rxh4 26. Qxf3 Rg4 27.
Rfc1 Qa5 28. Rc8 h5 29. Nf5 Rxc8 30. Rxc8+ Kh7 31. Nh4 Qxa2 32. Qxb7 Ne4 33.
Qxf7 Nxg3 34. Qg8+ Kh6 35. Qe6+ Kh7 1/2-1/2

[Event "XII Weekend B"]
[Site "Porto Sant'Elpidio ITA"]
[Date "2009.11.29"]
[Round "6"]
[White "Binci, Filippo"]
[Black "Bonoli, Luciano"]
[Result "1-0"]
[WhiteElo "1793"]
[BlackElo "1766"]
[PlyCount "44"]
[EventDate "2009.11.21"]

1. c4 Nf6 2. g3 c6 3. Bg2 e6 4. Nc3 d5 5. cxd5 exd5 6. d3 Bc5 7. Nf3 O-O 8. O-O
Bg4 9. Qc2 Nbd7 10. b3 Bxf3 11. Bxf3 Bd6 12. Bb2 Qc7 13. Rac1 h5 14. Nxd5 Nxd5
15. Bxd5 h4 16. Bg2 Rac8 17. e4 Qd8 18. Qd2 Ne5 19. d4 Ng6 20. Rcd1 Bc7 21.
Rfe1 Qe7 22. f4 Rcd8 1-0

[Event "XII Weekend B"]
[Site "Porto Sant'Elpidio ITA"]
[Date "2009.11.29"]
[Round "6"]
[White "Faini, Ivano"]
[Black "Binci, Luca"]
[Result "1/2-1/2"]
[WhiteElo "1718"]
[BlackElo "1650"]
[PlyCount "96"]
[EventDate "2009.11.21"]

1. c4 Nf6 2. g3 g6 3. Bg2 Bg7 4. Nc3 O-O 5. e4 d6 6. h3 e5 7. Nge2 c6 8. O-O
Be6 9. d3 Qd7 10. Kh2 d5 11. b3 d4 12. Na4 Na6 13. Ba3 Rfc8 14. Rc1 b5 15. cxb5
cxb5 16. Nc5 Nxc5 17. Rxc5 Rxc5 18. Bxc5 Bf8 19. Bxf8 Rxf8 20. Qd2 Nh5 21. Rc1
Rc8 22. g4 Ng7 23. Rxc8+ Qxc8 24. Qc1 Qxc1 25. Nxc1 b4 26. Ne2 Ne8 27. f4 f6
28. f5 Bd7 29. Bf1 Nd6 30. Nc1 a5 31. Kg3 Nb5 32. h4 Nc3 33. Bh3 Nd1 34. fxg6
hxg6 35. g5 Bxh3 36. Kxh3 Kf7 37. Kg4 Ne3+ 38. Kf3 f5 39. exf5 Nxf5 40. Kg4 Ke6
41. Ne2 Ne3+ 42. Kf3 Nd1 43. Nc1 Kf5 44. Ne2 Nc3 45. Nc1 e4+ 46. dxe4+ Nxe4 47.
Nd3 Nc3 48. Nc1 Ne4 1/2-1/2

[Event "XII Weekend B"]
[Site "Porto Sant'Elpidio ITA"]
[Date "2009.11.29"]
[Round "6"]
[White "Giampieri, Stefano"]
[Black "Gasparroni, Daniele"]
[Result "0-1"]
[WhiteElo "1772"]
[BlackElo "1760"]
[PlyCount "112"]
[EventDate "2009.11.21"]

1. d4 d5 2. c4 c6 3. Nc3 Nf6 4. Nf3 e6 5. e3 Bd6 6. Bd3 O-O 7. O-O dxc4 8. Bxc4
Nbd7 9. e4 e5 10. Bg5 Qe7 11. Re1 exd4 12. Nxd4 Ne5 13. Bb3 h6 14. Bh4 Rd8 15.
Qc2 Neg4 16. Nf3 g5 17. Bg3 Bxg3 18. hxg3 Ne5 19. Rad1 Bg4 20. Rxd8+ Rxd8 21.
Nh2 Qc5 22. Nxg4 Nfxg4 23. Nb1 Qb6 24. Na3 Nd3 25. Re2 Ndxf2 26. Rxf2 Rd1+ 27.
Qxd1 Qxf2+ 28. Kh1 Qxg3 29. Bxf7+ Kh7 30. Bg8+ Kxg8 31. Qd8+ Kg7 32. Qe7+ Kg6
33. Qe8+ Kf6 34. Qh8+ Ke7 35. Qg7+ Kd8 36. Qf8+ Kd7 37. Qf5+ Kc7 38. Qf7+ Kb6
39. Qb3+ Qxb3 40. axb3 Nf2+ 41. Kh2 Nxe4 42. Kh3 Nf6 43. Kg3 Kc5 44. Kf3 Kb4
45. Nc4 Kxb3 46. Na5+ Kxb2 47. Nxb7 Kc3 48. Ke3 Kb4 49. Kd4 Ng4 50. Nd6 a5 51.
Kd3 Kb3 52. Kd2 a4 53. Ne4 Kb2 54. Nc5 a3 55. Na4+ Kb3 56. Nc5+ Kc4 0-1

[Event "XII Weekend B"]
[Site "Porto Sant'Elpidio ITA"]
[Date "2009.11.29"]
[Round "6"]
[White "Marchetti, Michael"]
[Black "Olivieri, Gianni"]
[Result "0-1"]
[WhiteElo "1723"]
[BlackElo "1529"]
[PlyCount "67"]
[EventDate "2009.11.21"]

1. d4 Nf6 2. c4 d5 3. Nc3 e6 4. Bg5 c6 5. Nf3 Nbd7 6. e3 dxc4 7. Bxc4 Be7 8.
O-O O-O 9. Rb1 b5 10. Bd3 a6 11. Ne4 Nxe4 12. Bxe7 Qxe7 13. Bxe4 Bb7 14. Qc2 f5
15. Bd3 Rac8 16. b4 Qd8 17. Qb3 Qf6 18. Be2 Kh8 19. Rfc1 e5 20. Rb2 Rfe8 21.
Rbc2 e4 22. Nd2 Qd6 23. Qc3 f4 24. Bh5 Rf8 25. Nxe4 Qh6 26. d5 fxe3 27. Nd6
exf2+ 28. Rxf2 Qxd6 29. Rxf8+ Qxf8 30. Bg4 cxd5 31. Qe3 Rxc1+ 32. Qxc1 Ne5 33.
Be2 d4 34. Qc7 {...} 0-1

[Event "XII Weekend B"]
[Site "Porto Sant'Elpidio ITA"]
[Date "2009.11.29"]
[Round "6"]
[White "Mircoli, Filippo"]
[Black "Bertini, Nazzareno"]
[Result "1/2-1/2"]
[WhiteElo "1746"]
[BlackElo "1708"]
[PlyCount "74"]
[EventDate "2009.11.21"]

1. e4 e6 2. d4 d5 3. Nc3 Nf6 4. e5 Nfd7 5. f4 c5 6. Be3 c4 7. Nf3 Bb4 8. Be2
Nc6 9. O-O Bxc3 10. bxc3 Qa5 11. Qd2 Nb6 12. Qe1 Na4 13. Bd2 Bd7 14. Ng5 h6 15.
Nh3 O-O-O 16. Qg3 Nxd4 17. Qe3 Nxc2 18. Qg3 Nxa1 19. Rxa1 f5 20. exf6 gxf6 21.
Rb1 Nc5 22. Qf3 Qxa2 23. Rd1 Ba4 24. Be3 Bxd1 25. Bxd1 Ne4 26. Bd4 Rdg8 27. g3
Rg7 28. Nf2 Nxg3 29. hxg3 Rhg8 30. g4 Rg6 31. Qe3 f5 32. Bxa7 Qa5 33. Bb6 Qb5
34. Bc2 Qc6 35. Bd4 h5 36. g5 Kd7 37. Qe2 Kc8 1/2-1/2

[Event "XII Weekend B"]
[Site "Porto Sant'Elpidio ITA"]
[Date "2009.11.29"]
[Round "6"]
[White "Ragnini, Damiano"]
[Black "Morelli, Basilio"]
[Result "1-0"]
[WhiteElo "1791"]
[BlackElo "1539"]
[PlyCount "199"]
[EventDate "2009.11.21"]

1. e4 c5 2. Nf3 Nc6 3. d4 cxd4 4. Nxd4 e5 5. Nxc6 bxc6 6. Bc4 Nf6 7. Bg5 Be7 8.
O-O O-O 9. Bxf6 Bxf6 10. Nc3 Rb8 11. b3 Qa5 12. Na4 Rd8 13. Qd6 Rb4 14. Rfd1
Rxc4 15. bxc4 Qxa4 16. Rd3 Qxc4 17. Rg3 Qe6 18. Qc7 d5 19. exd5 cxd5 20. Qxa7
Qe7 21. Qa4 d4 22. h3 e4 23. Rd1 Bf5 24. Qa5 g6 25. Qxf5 Qe5 26. Qxe5 Bxe5 27.
Rb3 f5 28. a4 Rc8 29. Rb5 Bf6 30. Rb6 Kg7 31. Rb7+ Kh6 32. Rb6 Be5 33. Re6 Bg7
34. Rd2 Ra8 35. g4 Rxa4 36. gxf5 e3 37. fxe3 dxe3 38. Rxe3 Bd4 39. Rxd4 Rxd4
40. fxg6 hxg6 41. c3 Rd1+ 42. Kg2 Rc1 43. Kf3 Kg5 44. Ke4 Kf6 45. Kd4 Rd1+ 46.
Rd3 Ra1 47. Rf3+ Kg5 48. Rg3+ Kf5 49. Rf3+ Kg5 50. Kc4 Ra8 51. Rd3 Rc8+ 52. Kb3
Rb8+ 53. Kc2 Rc8 54. Rd5+ Kh4 55. Rd6 g5 56. Rh6+ Kg3 57. Rh5 g4 58. hxg4 Kxg4
59. Rd5 Kf4 60. Kd3 Rb8 61. Kc4 Ke4 62. Rc5 Rb1 63. Rc8 Ke5 64. Kc5 Ke6 65. c4
Kd7 66. Rh8 Rc1 67. Rh7+ Ke6 68. Rh6+ Kd7 69. Rd6+ Kc7 70. Rd4 Rc2 71. Rf4 Kd7
72. Rg4 Ke6 73. Kc6 Ke7 74. c5 Rc1 75. Rg5 Kd8 76. Rd5+ Kc8 77. Rg5 Kd8 78.
Rd5+ Kc8 79. Rd6 Rc2 80. Rd4 Rc1 81. Ra4 Kd8 82. Ra5 Rc2 83. Rb5 Kc8 84. Rb6
Rc1 85. Ra6 Kd8 86. Ra8+ Ke7 87. Kb6 Rb1+ 88. Kc7 Rc1 89. c6 Rc2 90. Ra4 Rc1
91. Re4+ Kf6 92. Kb7 Rb1+ 93. Kc8 Rc1 94. c7 Rc2 95. Rd4 Ke5 96. Rd1 Rf2 97.
Kd7 Rf7+ 98. Kc6 Rf6+ 99. Kb7 Rf7 100. Kb8 1-0

[Event "XII Weekend B"]
[Site "Porto Sant'Elpidio ITA"]
[Date "2009.11.29"]
[Round "6"]
[White "Splendiani, Sandro"]
[Black "Maggiore, Francesco"]
[Result "0-1"]
[WhiteElo "1440"]
[BlackElo "1723"]
[PlyCount "44"]
[EventDate "2009.11.21"]

1. d4 d5 2. Nf3 Nc6 3. e3 Bg4 4. h3 Bh5 5. Be2 Nf6 6. c3 e6 7. Nbd2 Bd6 8. O-O
e5 9. dxe5 Nxe5 10. Nxe5 Bxe2 11. Qxe2 Bxe5 12. Qb5+ Qd7 13. Qxb7 O-O 14. Nf3
Bd6 15. b3 a6 16. Nd4 Be5 17. Qb4 Ne4 18. c4 c5 19. Qe1 cxd4 20. exd4 Bxd4 21.
Ba3 Rfe8 22. Rd1 Nxf2 0-1

[Event "XII Weekend U16"]
[Site "Porto Sant'Elpidio ITA"]
[Date "2009.11.21"]
[Round "1"]
[White "Cocciaretto, Luca"]
[Black "Ramundi, Lorenzo"]
[Result "0-1"]
[WhiteElo "1362"]
[BlackElo "1476"]
[PlyCount "44"]
[EventDate "2009.11.21"]

1. e4 e5 2. Nf3 Nc6 3. Bc4 Nf6 4. d3 h6 5. Nc3 Bc5 6. O-O d6 7. h3 O-O 8. Nd5
Be6 9. a3 Ne7 10. b4 Bxd5 11. exd5 Bb6 12. d4 exd4 13. Nxd4 Nexd5 14. Rb1 Nc3
15. Qf3 Bxd4 16. Rb3 Nce4 17. Be3 Bxe3 18. Qxe3 Ng5 19. f4 d5 20. Rd3 Qe8 21.
Qd2 dxc4 22. Re1 Nge4 0-1

[Event "XII Weekend U16"]
[Site "Porto Sant'Elpidio ITA"]
[Date "2009.11.21"]
[Round "1"]
[White "Cocciaretto, Marco"]
[Black "Nespeca, Giacomo"]
[Result "1-0"]
[WhiteElo "1521"]
[BlackElo "1371"]
[PlyCount "51"]
[EventDate "2009.11.21"]

1. e4 e5 2. Nf3 Nc6 3. Bb5 Nf6 4. O-O Nxe4 5. Re1 Nf6 6. Nxe5 Nxe5 7. Rxe5+ Be7
8. Qe1 Ng4 9. Re2 a6 10. Bc4 d6 11. d4 d5 12. Bxd5 Nf6 13. Bb3 Bg4 14. f3 Bc8
15. Kh1 Bf5 16. Bg5 Qd7 17. Nc3 O-O-O 18. Rxe7 Rhe8 19. Rxd7 Rxe1+ 20. Rxe1
Rxd7 21. Bxf6 gxf6 22. Re8+ Rd8 23. Rxd8+ Kxd8 24. Nd5 Be6 25. Nxf6 Bxb3 26.
axb3 1-0

[Event "XII Weekend U16"]
[Site "Porto Sant'Elpidio ITA"]
[Date "2009.11.21"]
[Round "1"]
[White "Morelli, Anita"]
[Black "Marconi, Tommaso"]
[Result "1/2-1/2"]
[WhiteElo "1353"]
[BlackElo "1389"]
[PlyCount "44"]
[EventDate "2009.11.21"]

1. d4 e5 2. c4 Nc6 3. d5 Bb4+ 4. Bd2 Bxd2+ 5. Nxd2 Nb4 6. e4 Nf6 7. Ngf3 d6 8.
Qa4+ Bd7 9. Qxb4 c5 10. Qc3 O-O 11. Be2 Re8 12. O-O Qb6 13. Qb3 Qc7 14. a3 Qa5
15. h3 Ba4 16. Qc3 Qb6 17. b3 Bd7 18. b4 a6 19. bxc5 Qxc5 20. Qb4 Qc7 21. Rab1
Rab8 22. Nh4 a5 1/2-1/2